书目信息 |
| 题名: |
国际象棋
|
|
| 作者: | 洪峰 , 孙硕 编著 | |
| 分册: | ||
| 出版信息: | 南京 江苏凤凰科学技术出版社 2018 |
|
| 页数: | 156页 | |
| 开本: | 24cm | |
| 丛书名: | 一起做运动系列丛书 | |
| 单 册: | ||
| 中图分类: | G891.1 | |
| 科图分类: | ||
| 主题词: | 国际象棋--基本知识 | |
| 电子资源: | ||
| ISBN: | 978-7-5537-9052-7 | |
| 000 | 00960oam2 2200265 450 | |
| 001 | 012001002286 | |
| 005 | 20140926114740.0 | |
| 010 | @a978-7-5537-9052-7@dCNY28.00 | |
| 100 | @a20180513d2018 em y0chiy50 ea | |
| 101 | 0 | @achi |
| 102 | @aCN@b320000 | |
| 105 | @aa z 000yy | |
| 106 | @ar | |
| 200 | 1 | @a国际象棋@9guo ji xiang qi@f洪峰,孙硕编著 |
| 210 | @a南京@c江苏凤凰科学技术出版社@d2018 | |
| 215 | @a156页@c图@d24cm | |
| 225 | 1 | @a一起做运动系列丛书 |
| 330 | @a本书分为五个部分:第一部分介绍国际象棋基本规则,介绍棋盘和棋子及基本走法;第二部分讲述基本残局,各种棋子杀王的基本方法;第三部分讨论国际象棋的棋子的性能和基本战术手段;第四部分介绍国际象棋的开局原理和分类;第五部分是欣赏著名的对局全局。 | |
| 461 | 0 | @12001 @a一起做运动系列丛书 |
| 606 | 0 | @a国际象棋@x基本知识 |
| 690 | @aG891.1@v5 | |
| 701 | 0 | @a洪峰@9hong feng@4编著 |
| 701 | 0 | @a孙硕@9sun shuo@4编著 |
| 801 | 0 | @aCN@b上海新华@c20180901 |
| 905 | @b1160471-5@dG891.1@e425@f5 | |
| 国际象棋/洪峰,孙硕编著.-南京:江苏凤凰科学技术出版社,2018 |
| 156页:图;24cm.-(一起做运动系列丛书) |
| ISBN 978-7-5537-9052-7:CNY28.00 |
| 本书分为五个部分:第一部分介绍国际象棋基本规则,介绍棋盘和棋子及基本走法;第二部分讲述基本残局,各种棋子杀王的基本方法;第三部分讨论国际象棋的棋子的性能和基本战术手段;第四部分介绍国际象棋的开局原理和分类;第五部分是欣赏著名的对局全局。 |
| ● |
| 相关链接 |
|
|
|
|
正题名:国际象棋
索取号:G891.1/425
 
预约/预借
| 序号 | 登录号 | 条形码 | 馆藏地/架位号 | 状态 | 备注 |
| 1 | 1160471 | 211604717 | 第一样本阅览室/ [索取号:G891.1/425] | 在馆 | |
| 2 | 1160472 | 211604726 | 第四借阅区/ [索取号:G891.1/425] | 在馆 | |
| 3 | 1160473 | 211604735 | 第四借阅区/ [索取号:G891.1/425] | 在馆 | |
| 4 | 1160474 | 211604744 | 第四借阅区/ [索取号:G891.1/425] | 在馆 | |
| 5 | 1160475 | 211604753 | 第四借阅区/ [索取号:G891.1/425] | 在馆 |